| Tag |
First Indicator |
Second Indicator |
Subfields |
| LEADER |
00000cas a2200000 a 4500 |
| 001 |
in00002340134 |
| 005 |
20151108052623.0 |
| 006 |
m d |
| 007 |
cr un||||||||| |
| 008 |
050614d19871996stkbr pss 0 0eng d |
| 010 |
|
|
|a 2007233503
|
| 019 |
|
|
|a 55855011
|
| 022 |
|
|
|y 0268-9499
|
| 029 |
0 |
|
|a OCLCS
|b 126563
|
| 029 |
1 |
|
|a OCLCS
|b OP-21325
|
| 035 |
|
|
|a (OCoLC)ocm60630311
|
| 035 |
|
|
|a (OCoLC)60630311
|z (OCoLC)55855011
|
| 040 |
|
|
|a OCLCS
|c OCLCS
|d OCLCQ
|d GUA
|d MUQ
|d TXA
|d UtOrBLW
|
| 042 |
|
|
|a lcd
|
| 049 |
|
|
|a TXAM
|
| 090 |
|
|
|a QP93.5
|b .F52 Electronic
|
| 130 |
0 |
|
|a Fibrinolysis (Online)
|
| 245 |
1 |
0 |
|a Fibrinolysis.
|
| 246 |
1 |
8 |
|a Journal of fibrinolysis
|f 1987-
|
| 264 |
|
1 |
|a Edinburgh ;
|a New York :
|b Churchill Livingstone.
|
| 310 |
|
|
|a Six issues a year,
|b -1996
|
| 321 |
|
|
|a Quarterly,
|b 1987-
|
| 336 |
|
|
|a text
|b txt
|2 rdacontent
|
| 337 |
|
|
|a computer
|b c
|2 rdamedia
|
| 338 |
|
|
|a online resource
|b cr
|2 rdacarrier
|
| 362 |
1 |
|
|a Began with v. 1, issue 1 (Jan. 1987); ceased with v. 10, issue 5/6 (Sept./Nov. 1996).
|
| 500 |
|
|
|a Description based on first issue; title from contents screen (ScienceDirect, viewed May 31, 2007).
|
| 500 |
|
|
|a Final issue consulted.
|
| 525 |
|
|
|a Has supplements.
|
| 538 |
|
|
|a Mode of access: World Wide Web.
|
| 550 |
|
|
|a Official journal of the International Society for Fibrinolysis and Thrombolysis, -1996.
|
| 500 |
|
|
|a Electronic resource.
|
| 650 |
|
0 |
|a Fibrinolysis
|v Periodicals.
|
| 650 |
|
0 |
|a Thrombosis
|v Periodicals.
|
| 650 |
0 |
2 |
|a Fibrinolysis
|v Periodicals.
|
| 650 |
0 |
2 |
|a Thrombosis
|v Periodicals.
|
| 650 |
|
6 |
|a Fibrinolyse
|v Périodiques.
|
| 650 |
|
6 |
|a Thrombose
|v Périodiques.
|
| 710 |
2 |
|
|a International Society for Fibrinolysis and Thrombolysis.
|
| 776 |
0 |
8 |
|i Print version:
|t Fibrinolysis
|x 0268-9499
|w (DLC)sn 88026296
|w (OCoLC)15994268
|
| 785 |
0 |
0 |
|t Fibrinolysis & proteolysis (Online)
|x 1532-222X
|w (DLC) 00213147
|w (OCoLC)44867536
|
| 994 |
|
|
|a C0
|b TXA
|
| 948 |
|
|
|a cataloged
|b h
|c 2007/11/19
|d c
|e spoltoratski
|f 9:15:38 am
|
| 999 |
|
|
|a MARS
|
| 999 |
f |
f |
|s 8ec610dc-0d09-3a05-8089-49e4ff4e8ac5
|i d8a46836-cd4a-3d88-a599-1c17b7bebc5d
|t 0
|
| 952 |
f |
f |
|a Texas A&M University
|b College Station
|c Electronic Resources
|d Available Online
|t 0
|e QP93.5 .F52
|g Electronic
|h Library of Congress classification
|
| 998 |
f |
f |
|a QP93.5 .F52
|t 0
|l Available Online
|